|
|
|
|
| LEADER |
00000nab a2200000 a 4500 |
| 001 |
vtls008875757 |
| 003 |
SK-MaSNL |
| 005 |
20260304144920.0 |
| 008 |
250505c2005 xo 0 slo |
| 015 |
|
|
|a SNBCL2005/5
|
| 035 |
|
|
|a SLK036906
|
| 035 |
|
|
|a urn:nbn:sk:snk-abyhs
|
| 035 |
|
|
|a (urnnbn)urn:nbn:sk:snk:ar-a03ijk
|
| 035 |
|
|
|a (uuid)8cf6df45-9ec9-4eb4-b175-14fba850290f
|
| 040 |
|
|
|a SNKBUCL
|b slo
|c SNKBUCL
|e AACR2
|
| 041 |
0 |
|
|a eng
|b eng
|
| 044 |
|
|
|a xo
|c SK
|
| 080 |
|
|
|a 616.352-002.5-07+616.352-031.63-002.5-07
|2 1981
|
| 100 |
1 |
|
|a Gupta, P.J.
|u Gupta nursing home, Nagpur, India
|4 aut
|9 1429455
|
| 245 |
1 |
0 |
|a Ano-perianal tuberculosis
|c P.J. Gupta
|
| 300 |
|
|
|b Tab.
|
| 504 |
|
|
|a Res. angl.
|
| 504 |
|
|
|a Bibliogr. odkazy
|
| 650 |
0 |
7 |
|a tuberkulóza
|x etiológia
|2 MESH
|9 844565
|
| 650 |
0 |
7 |
|a anus, choroby
|x etiológia
|2 MESH
|9 1466908
|
| 650 |
0 |
7 |
|a diferenciálna diagnostika
|2 MESH
|9 69886
|
| 650 |
0 |
7 |
|a testy sérologické
|x metódy
|2 MESH
|9 875977
|
| 773 |
0 |
|
|t Bratislavské lekárske listy
|g Vol. 106, no. 11 (2005), s. 351-354
|x 0006-9248
|
| 850 |
|
|
|a Slovenská národná knižnica
|
| 852 |
|
|
|a Slovenská národná knižnica
|
| 958 |
|
|
|a article27
|
| 958 |
|
|
|a OND
|
| 958 |
|
|
|a EUIPO
|
| 999 |
|
|
|c 2933877
|d 2935807
|